000
00202 a2200097 4500
001
48932
100
_a
Khalib Athar
245
_a
Safar Zindagy
260
_a
Lahore
_b
Jang Pub
_c
090
_c
31826
_d
31826
942
_a
NUST-CAE
_c
M
_c
24254
999
_c
284005
_d
284005